| 000 | 00388nam a2200157 a 4500 | ||
|---|---|---|---|
| 003 | DLC | ||
| 005 | 20210219152717.0 | ||
| 008 | 991125s1955 ita 000 0 ita u | ||
| 035 | _aUPN01000059378 | ||
| 245 | 0 | 0 | _aANNALI DELLA PUBBLICA ISTRUZIONE |
| 260 |
_aItalia : _bLe Monnier, _c1955 |
||
| 310 | _aBimestral | ||
| 653 | 0 | _aEDUCACION PUBLICA | |
| 904 |
_aAC _b000110 |
||
| 905 | _aRevista | ||
| 999 |
_c59370 _d59370 |
||